| 000 | 01113cam a22003257a 4500 | ||
|---|---|---|---|
| 003 | CHAP | ||
| 005 | 20220329134127.0 | ||
| 008 | 971013s1950 r 00010 d | ||
| 010 | _a15813 | ||
| 011 | _a16785 | ||
| 035 | _a20867 | ||
| 040 | _cCHAP | ||
| 082 |
_a382 _bH5 |
||
| 100 | 0 | 0 |
_aHirschman, Albert O. _955578 |
| 245 | 1 | 3 | _aLa potencia nacional y la estructura del comercio exterior |
| 260 |
_aMadrid : _bAguilar, _c1950 |
||
| 300 | _a194 p. | ||
| 490 | 0 | _aBiblioteca de ciencias económicas, políticas y sociales | |
| 590 |
_aBATCH-UPD _b10 _c20130110 _lUCH01 _h1717 |
||
| 590 |
_aBATCH-UPD _b10 _c20130410 _lUCH01 _h1102 |
||
| 590 |
_aBATCH-UPD _b10 _c20130914 _lUCH01 _h1014 |
||
| 590 |
_aCONVERSION _b10 _c20130109 _lUCH01 _h1310 |
||
| 650 | 1 | 4 |
_aComercio exterior. _925628 |
| 830 | 0 |
_aBiblioteca de ciencias económicas, políticas y sociales _912276 |
|
| 901 | _aBK | ||
| 942 | _cLIBRO | ||
| 949 |
_a382 H5 _bBC _cLIBRO _d-48632 _eLIBRO _h7075 _i20867 _mD _si |
||
| 949 |
_a382 H5 _bBC _cLIBRO _d-48633 _eLIBRO _fc.2 _h7076 _i20867 _mD _si |
||
| 949 |
_a382 H5 _bBC _cLIBRO _d-48634 _eLIBRO _fc.3 _h7077 _i20867 _mD _si |
||
| 999 |
_c15813 _d15813 |
||